<?xml version="1.0" encoding="UTF-8"?>
<record
    xmlns:xsi="http://www.w3.org/2001/XMLSchema-instance"
    xsi:schemaLocation="http://www.loc.gov/MARC21/slim http://www.loc.gov/standards/marcxml/schema/MARC21slim.xsd"
    xmlns="http://www.loc.gov/MARC21/slim">

  <leader>01038nam a2200241 a 4500</leader>
  <controlfield tag="001">57812</controlfield>
  <controlfield tag="003">BD-RjUL</controlfield>
  <controlfield tag="005">20211209080544.0</controlfield>
  <controlfield tag="008">161212s2015    bg ||||| |||| 00| 0 ben d</controlfield>
  <datafield tag="020" ind1=" " ind2=" ">
    <subfield code="c">: Tk. 160.00</subfield>
  </datafield>
  <datafield tag="035" ind1=" " ind2=" ">
    <subfield code="a">(BD-RjUL)57936</subfield>
  </datafield>
  <datafield tag="040" ind1=" " ind2=" ">
    <subfield code="a">BD-RjUL</subfield>
    <subfield code="b">ben</subfield>
    <subfield code="c">BD-RjUL</subfield>
  </datafield>
  <datafield tag="041" ind1=" " ind2=" ">
    <subfield code="a">ben</subfield>
  </datafield>
  <datafield tag="082" ind1=" " ind2=" ">
    <subfield code="2">23</subfield>
    <subfield code="a">297.61</subfield>
    <subfield code="b">UDI 2015</subfield>
  </datafield>
  <datafield tag="100" ind1="1" ind2=" ">
    <subfield code="a">&#x989;&#x9A6;&#x9CD;&#x9A6;&#x9C0;&#x9A8;, &#x9AE;&#x9CB;&#x983; &#x9A8;&#x9BF;&#x99C;&#x9BE;&#x9AE;</subfield>
    <subfield code="9">171685</subfield>
  </datafield>
  <datafield tag="245" ind1="1" ind2="0">
    <subfield code="a">&#x987;&#x9AE;&#x9BE;&#x9AE; &#x9B6;&#x9BE;&#x9B0;&#x9AB;&#x9C1;&#x9A6;&#x9CD;&#x9A6;&#x9C0;&#x9A8; &#x986;&#x9B2; &#x9AC;&#x9C2;&#x9B8;&#x9C0;&#x9B0;&#x9C0; (&#x9B0;&#x9B9;.) &#x993; &#x995;&#x9BE;&#x9B8;&#x9C0;&#x9A6;&#x9BE;&#x9A4;&#x9C1;&#x9B2; &#x9AC;&#x9C1;&#x9B0;&#x9A6;&#x9BE;&#x9B9; /</subfield>
    <subfield code="c">&#x9AE;&#x9CB;&#x983; &#x9A8;&#x9BF;&#x99C;&#x9BE;&#x9AE; &#x989;&#x9A6;&#x9CD;&#x9A6;&#x9C0;&#x9A8;, &#x9AE;&#x9C1;&#x9B9;&#x9BE;. &#x9AC;&#x9BF;&#x9B2;&#x9BE;&#x9B2; &#x9B9;&#x9C1;&#x9B8;&#x9BE;&#x987;&#x9A8;</subfield>
  </datafield>
  <datafield tag="260" ind1=" " ind2=" ">
    <subfield code="a">&#x9B0;&#x9BE;&#x99C;&#x9B6;&#x9BE;&#x9B9;&#x9C0; :</subfield>
    <subfield code="b">&#x9B0;&#x9C7;&#x9A8;&#x9C7;&#x9B8;&#x9BE;&#x981; &#x9AA;&#x9BE;&#x9AC;&#x9B2;&#x9BF;&#x995;&#x9C7;&#x9B6;&#x9A8;,</subfield>
    <subfield code="c">&#x9E8;&#x9E6;&#x9E7;&#x9EB;</subfield>
  </datafield>
  <datafield tag="300" ind1=" " ind2=" ">
    <subfield code="a">&#x9E7;&#x9ED;&#x9ED; &#x9AA;&#x9C3;  :</subfield>
    <subfield code="b">&#x99A;&#x9BF;&#x9A4;&#x9CD;&#x9B0; ;</subfield>
    <subfield code="c">&#x9E8;&#x9E6; &#x9B8;&#x9C7;&#x9AE;&#x9BF;.</subfield>
  </datafield>
  <datafield tag="650" ind1=" " ind2=" ">
    <subfield code="a">&#x987;&#x9B8;&#x9B2;&#x9BE;&#x9AE;&#x9C0; &#x9A8;&#x9C7;&#x9A4;&#x9C3;&#x9AC;&#x9C3;&#x9A8;&#x9CD;&#x9A6;</subfield>
    <subfield code="9">171686</subfield>
  </datafield>
  <datafield tag="650" ind1=" " ind2=" ">
    <subfield code="a">Islamic Leaders</subfield>
    <subfield code="9">171687</subfield>
  </datafield>
  <datafield tag="700" ind1=" " ind2=" ">
    <subfield code="a">&#x9B9;&#x9C1;&#x9B8;&#x9BE;&#x987;&#x9A8;, &#x9AE;&#x9C1;&#x9B9;&#x9BE;. &#x9AC;&#x9BF;&#x9B2;&#x9BE;&#x9B2; </subfield>
    <subfield code="9">170482</subfield>
  </datafield>
  <datafield tag="942" ind1=" " ind2=" ">
    <subfield code="2">ddc</subfield>
    <subfield code="c">BK</subfield>
  </datafield>
  <datafield tag="999" ind1=" " ind2=" ">
    <subfield code="c">57812</subfield>
    <subfield code="d">57812</subfield>
  </datafield>
  <datafield tag="952" ind1=" " ind2=" ">
    <subfield code="0">0</subfield>
    <subfield code="1">0</subfield>
    <subfield code="2">ddc</subfield>
    <subfield code="4">0</subfield>
    <subfield code="7">1</subfield>
    <subfield code="8">NFIC</subfield>
    <subfield code="a">RUCL</subfield>
    <subfield code="b">RUCL</subfield>
    <subfield code="c">Reading</subfield>
    <subfield code="d">2016-11-14</subfield>
    <subfield code="e">Md. Belal Hossin</subfield>
    <subfield code="g">160.00</subfield>
    <subfield code="l">0</subfield>
    <subfield code="o">B 297.61 UDI 2015</subfield>
    <subfield code="r">2016-12-12 00:00:00</subfield>
    <subfield code="t">C-1</subfield>
    <subfield code="w">2016-12-12</subfield>
    <subfield code="y">BK</subfield>
  </datafield>
  <datafield tag="952" ind1=" " ind2=" ">
    <subfield code="0">0</subfield>
    <subfield code="1">0</subfield>
    <subfield code="2">ddc</subfield>
    <subfield code="4">0</subfield>
    <subfield code="7">0</subfield>
    <subfield code="8">NFIC</subfield>
    <subfield code="a">RUCL</subfield>
    <subfield code="b">RUCL</subfield>
    <subfield code="c">Stack</subfield>
    <subfield code="d">2016-11-14</subfield>
    <subfield code="e">Md. Belal Hossin</subfield>
    <subfield code="g">160.00</subfield>
    <subfield code="l">0</subfield>
    <subfield code="o">B 297.61 UDI 2015</subfield>
    <subfield code="r">2016-12-12 00:00:00</subfield>
    <subfield code="t">C-2</subfield>
    <subfield code="w">2016-12-12</subfield>
    <subfield code="y">BK</subfield>
  </datafield>
  <datafield tag="952" ind1=" " ind2=" ">
    <subfield code="0">0</subfield>
    <subfield code="1">0</subfield>
    <subfield code="2">ddc</subfield>
    <subfield code="4">0</subfield>
    <subfield code="7">0</subfield>
    <subfield code="8">NFIC</subfield>
    <subfield code="a">RUCL</subfield>
    <subfield code="b">RUCL</subfield>
    <subfield code="c">Stack</subfield>
    <subfield code="d">2016-11-14</subfield>
    <subfield code="e">Md. Belal Hossin</subfield>
    <subfield code="g">160.00</subfield>
    <subfield code="l">0</subfield>
    <subfield code="o">B 297.61 UDI 2015</subfield>
    <subfield code="r">2016-12-12 00:00:00</subfield>
    <subfield code="t">C-3</subfield>
    <subfield code="w">2016-12-12</subfield>
    <subfield code="y">BK</subfield>
  </datafield>
  <datafield tag="952" ind1=" " ind2=" ">
    <subfield code="0">0</subfield>
    <subfield code="1">0</subfield>
    <subfield code="2">ddc</subfield>
    <subfield code="4">0</subfield>
    <subfield code="7">0</subfield>
    <subfield code="8">NFIC</subfield>
    <subfield code="a">RUCL</subfield>
    <subfield code="b">RUCL</subfield>
    <subfield code="c">Stack</subfield>
    <subfield code="d">2016-11-14</subfield>
    <subfield code="e">Md. Belal Hossin</subfield>
    <subfield code="g">160.00</subfield>
    <subfield code="l">0</subfield>
    <subfield code="o">B 297.61 UDI 2015</subfield>
    <subfield code="r">2016-12-12 00:00:00</subfield>
    <subfield code="t">C-4</subfield>
    <subfield code="w">2016-12-12</subfield>
    <subfield code="y">BK</subfield>
  </datafield>
  <datafield tag="952" ind1=" " ind2=" ">
    <subfield code="0">0</subfield>
    <subfield code="1">0</subfield>
    <subfield code="2">ddc</subfield>
    <subfield code="4">0</subfield>
    <subfield code="7">0</subfield>
    <subfield code="8">NFIC</subfield>
    <subfield code="a">RUCL</subfield>
    <subfield code="b">RUCL</subfield>
    <subfield code="c">Stack</subfield>
    <subfield code="d">2016-11-14</subfield>
    <subfield code="e">Md. Belal Hossin</subfield>
    <subfield code="g">160.00</subfield>
    <subfield code="l">0</subfield>
    <subfield code="o">B 297.61 UDI 2015</subfield>
    <subfield code="r">2016-12-12 00:00:00</subfield>
    <subfield code="t">C-5</subfield>
    <subfield code="w">2016-12-12</subfield>
    <subfield code="y">BK</subfield>
  </datafield>
</record>
